000 00598nam a22002057a 4500
003 OSt
005 20210419072315.0
008 201216s1971 ||||| |||| 00| 0 eng d
040 _aeng
_beng
_cDLC
041 _aeng
_hfre
080 _a821.111
_bS-61
100 _9518
_aSimenon, Georges
245 _aMaigret and the Headless Corpse
_c/ by: Avon Books
260 _aNew York
_bAvon Books
_c1971
300 _a188 p.
650 0 _9254
_aEnglish literature
653 _aინგლისური ლიტერატურა
700 _91204
_aEllenbogen, Eileen
_eTranslator
942 _2udc
_cBK
999 _c1957
_d1957